00336nam a2200133Ia 4500003000400000008004100004020002400045040000800069100002200077245005000099260002600149300001500175365001200190LDD181029s9999 xx 000 0 und d a1412908655cP 24.99 cLDD aAvlonitis, George 0aProduct services managementcGeorge Avlonitis aNew DelhibSagec2006 aviii, 270p bP 24.99